| 000 | 00000nam##2200000za#4500 |
| 001 | 9.644204 |
| 003 | CaOODSP |
| 005 | 20210624224533 |
| 007 | cr ||||||||||| |
| 008 | 150407|1976||||xxc|||||o f|0| 0 fre|d |
| 040 | |aCaOODSP|bfre |
| 043 | |an-cn--- |
| 086 | 1 |aA43-1567/1976F-PDF |
| 110 | 1 |aCanada.|bAgriculture Canada. |bService de l'information. |
| 245 | 10|aLes maladies du vison |h[ressource électronique] |
| 260 | |aOttawa - Ontario : |bAgriculture Canada. |cc1976. |
| 300 | |a52p.|bill. (certaines en couleur) |
| 500 | |aPublication historique numérisée par Agriculture et Agroalimentaire Canada. |
| 590 | |a15-02-Supp|b2015-02-16 |
| 775 | 08|tMink diseases |w(CaOODSP)9.700308 |
| 856 | 40|ahttp://publications.gc.ca|qPDF|s3462 Ko|uhttps://publications.gc.ca/collections/collection_2015/aac-aafc/A43-1567-1976-fra.pdf |
| 986 | |aPublication 1567 |